| 000 | 00590nam a2200193Ia 4500 | ||
|---|---|---|---|
| 003 | IN-BaIIA | ||
| 008 | 211028s9999 xx 000 0 eng d | ||
| 020 | _a0-521-59565-7 | ||
| 040 | _cIIA Library | ||
| 080 |
_a524.5 _bLAM |
||
| 100 |
_aLamers, H. J. G. L. M. _914527 |
||
| 245 | 0 |
_aIntroduction to stellar winds _cH. J. G. L. M. Lamers and J. P. Cassinelli |
|
| 260 |
_aCambridge _bCambridge University Press _c1999 |
||
| 300 | _axiv, 438p | ||
| 650 | _aStars | ||
| 650 |
_aStellar winds _95748 |
||
| 700 |
_aCassinelli, J. P. _929108 |
||
| 942 | _cBK | ||
| 999 |
_c15796 _d15796 |
||